[Event "World Rapid Women 2022"]
[Site "Almaty KAZ"]
[Date "2022.12.26"]
[Round "1.43"]
[White "Bayasgalan, Khishigbaatar"]
[Black "Zatonskih, Anna"]
[Result "0-1"]
[WhiteTitle "WCM"]
[BlackTitle "IM"]
[WhiteElo "1811"]
[BlackElo "2349"]
[WhiteFideId "4904311"]
[BlackFideId "14101572"]
[EventDate "2022.12.26"]

1. d4 d5 2. c4 e6 3. Nc3 Nf6 4. cxd5 exd5 5. Bg5 Be7 6. e3 c6 7. Bd3 Nbd7 8. Nf3
Nf8 9. h3 Ne6 10. Bh4 O-O 11. O-O g6 12. Ne5 Ng7 13. Rb1 a5 14. Na4 Re8 15. Rc1
Bf5 16. Bxf6 Bxf6 17. f4 Bxd3 18. Qxd3 Be7 19. Nc5 Bxc5 20. dxc5 Qe7 21. Rfe1
Ne6 22. Qc3 f6 23. Ng4 Kg7 24. Rf1 Nc7 25. Rfe1 a4 26. e4 Nb5 27. Qg3 dxe4 28.
f5 g5 29. Rc4 Qf8 30. Nf2 Re5 31. Rexe4 Rxc5 32. Rxc5 Qxc5 33. Qf3 Rf8 34. Rxa4
Qc1+ 35. Kh2 Qxb2 36. Re4 Qxa2 37. Qh5 Qf7 38. Qe2 Qd5 39. Re7+ Rf7 40. Re8 Qxf5
41. Ng4 Nd6 42. Rb8 h5 43. Ne3 Qe5+ 44. Kg1 Re7 45. Qxh5 Qxe3+ 46. Kh2 Qf4+ 0-1

[Event "World Rapid Women 2022"]
[Site "Almaty KAZ"]
[Date "2022.12.26"]
[Round "1.44"]
[White "Buksa, Nataliya"]
[Black "Martins de Aguiar, Marina"]
[Result "1-0"]
[WhiteTitle "IM"]
[WhiteElo "2405"]
[BlackElo "1877"]
[WhiteFideId "14123622"]
[BlackFideId "2143321"]
[EventDate "2022.12.26"]

1. e4 c5 2. Nf3 e6 3. d4 cxd4 4. Nxd4 Nf6 5. Nc3 Nc6 6. Nxc6 bxc6 7. e5 Nd5 8.
Ne4 Qc7 9. f4 Qb6 10. c4 Bb4+ 11. Ke2 f5 12. exf6 Nxf6 13. Be3 Qd8 14. Nd6+ Bxd6
15. Qxd6 Bb7 16. Rd1 Rc8 17. g4 c5 18. Rg1 Rc6 19. Qe5 O-O 20. g5 Nh5 21. Bh3
Qe8 22. Rgf1 Qf7 23. b3 d5 24. f5 Qc7 25. Qxc7 Rxc7 26. fxe6 Rxf1 27. Rxf1 dxc4
28. bxc4 Ba6 29. Kd3 g6 30. Bg2 Bb7 31. Bxb7 Rxb7 32. Bxc5 1-0

[Event "World Rapid Women 2022"]
[Site "Almaty KAZ"]
[Date "2022.12.26"]
[Round "1.45"]
[White "Balakanova, Gulnar"]
[Black "Charochkina, Daria"]
[Result "0-1"]
[WhiteTitle "WFM"]
[BlackTitle "IM"]
[WhiteElo "1743"]
[BlackElo "2344"]
[WhiteFideId "13705890"]
[BlackFideId "4180917"]
[EventDate "2022.12.26"]

1. e4 d6 2. Nf3 Nf6 3. Nc3 g6 4. Bc4 Bg7 5. d3 O-O 6. h3 c6 7. O-O b5 8. Bb3 a5
9. a4 b4 10. Ne2 Nbd7 11. Be3 Nc5 12. Bxc5 dxc5 13. Rb1 Ba6 14. Nd2 Ne8 15. f4
Kh8 16. Kh1 Nd6 17. Rf3 e5 18. f5 gxf5 19. exf5 Qh4 20. Qe1 Qxe1+ 21. Rxe1 e4
22. dxe4 Bxb2 23. Nf4 Bc3 24. Rd1 Rad8 25. e5 Ne4 26. Nxe4 Rxd1+ 27. Kh2 Bxe5
28. Nxc5 Bc8 29. g4 Rd4 30. Kg3 h5 31. Nd3 Bd6 32. Kf2 c5 33. Ne2 hxg4 34. Nxd4
gxf3 35. Nxf3 Bxf5 0-1

[Event "World Rapid Women 2022"]
[Site "Almaty KAZ"]
[Date "2022.12.26"]
[Round "1.46"]
[White "Kamalidenova, Meruert"]
[Black "Chen, Jocelyn"]
[Result "1-0"]
[WhiteTitle "WIM"]
[BlackTitle "WCM"]
[WhiteElo "2377"]
[BlackElo "1854"]
[WhiteFideId "13712802"]
[BlackFideId "30947154"]
[EventDate "2022.12.26"]

1. e4 c5 2. Nf3 d6 3. Bb5+ Bd7 4. Bxd7+ Qxd7 5. c4 e5 6. O-O Nf6 7. Nc3 g6 8. a3
Nc6 9. Rb1 Bg7 10. b4 O-O 11. d3 b6 12. Bg5 Ne8 13. Qd2 Nc7 14. b5 Nd4 15. Nxd4
cxd4 16. Na2 f5 17. exf5 Rxf5 18. Nb4 Bf6 19. Bxf6 Rxf6 20. a4 Kg7 21. Ra1 d5
22. Nc6 Qd6 23. Rfe1 dxc4 24. dxc4 Re6 25. a5 bxa5 26. Nxa5 a6 27. Rab1 Qc5 28.
Rec1 Rb6 29. h3 Ne6 30. Nb3 Qe7 31. Qe2 Nc5 32. Nxd4 Qd6 33. Nc6 Re8 34. Rd1 Qc7
35. Rd5 Nd7 36. Rbd1 Nf6 37. Rd6 axb5 38. cxb5 e4 39. Qb2 Rf8 1-0

[Event "World Rapid Women 2022"]
[Site "Almaty KAZ"]
[Date "2022.12.26"]
[Round "1.47"]
[White "Kaliakhmet, Elnaz"]
[Black "Beydullayeva, Govhar"]
[Result "0-1"]
[WhiteTitle "WFM"]
[BlackTitle "WGM"]
[WhiteElo "1786"]
[BlackElo "2387"]
[WhiteFideId "13730169"]
[BlackFideId "13413015"]
[EventDate "2022.12.26"]

1. d4 Nf6 2. c4 e6 3. Nf3 b6 4. g3 Ba6 5. Qa4 Bb7 6. Bg2 c5 7. dxc5 bxc5 8. O-O
Be7 9. Nc3 O-O 10. Rd1 Qb6 11. Bf4 d6 12. Rab1 Ne4 13. Ne1 Bc6 14. Qc2 Nxc3 15.
Qxc3 Bxg2 16. Nxg2 Nc6 17. a3 Nd4 18. Qd3 a5 19. Be3 Nb3 20. Nf4 a4 21. Bd2 Nxd2
22. Rxd2 Rab8 23. Rc2 Rb7 24. e3 Rfb8 25. Ne2 Qc6 26. Nc3 Bf6 27. Qe2 Rb3 28.
Ra1 Bxc3 29. bxc3 Qe4 30. f3 Qe5 31. Qd2 h5 32. Kg2 h4 33. Kf2 R8b6 34. e4 Qh5
35. Kg2 Qe5 36. Raa2 Qf6 37. Rcb2 Kh7 38. Rc2 hxg3 39. hxg3 Qh6 40. f4 Rb1 41.
Kf3 Qh1+ 42. Qg2 Rf1+ 43. Ke3 Qxg2 44. Rxg2 Rc1 45. Kd2 Rbb1 46. Kd3 Rd1+ 47.
Kc2 Rbc1+ 48. Kb2 Re1 49. Rf2 Kg6 50. Rd2 Rb1+ 51. Kc2 Rbc1+ 52. Kd3 Rg1 53. Ke2
Rxg3 54. Kf2 Rcxc3 55. Rxd6 Rh3 56. Kg1 Rxc4 57. Rg2+ Kh7 58. Ra6 Rc1+ 59. Kf2
Rc2+ 60. Kg1 Rxg2+ 61. Kxg2 Rxa3 0-1

[Event "World Rapid Women 2022"]
[Site "Almaty KAZ"]
[Date "2022.12.26"]
[Round "1.48"]
[White "Pourkashiyan, Atousa"]
[Black "Madi, Aidana"]
[Result "1-0"]
[WhiteTitle "WGM"]
[WhiteElo "2321"]
[BlackElo "1583"]
[WhiteFideId "12502014"]
[BlackFideId "13722689"]
[EventDate "2022.12.26"]

1. e4 c5 2. Nf3 d6 3. d4 cxd4 4. Nxd4 Nf6 5. Nc3 a6 6. Bc4 e6 7. O-O Be7 8. Bb3
b5 9. Qf3 Qb6 10. Be3 Qb7 11. Qg3 O-O 12. f3 Bd7 13. Rad1 Nc6 14. Nxc6 Bxc6 15.
Bh6 Ne8 16. Bg5 Rd8 17. Kh1 b4 18. Nb1 Bxg5 19. Qxg5 Nf6 20. Nd2 d5 21. e5 Nd7
22. f4 a5 23. c3 h6 24. Qg3 Nc5 25. f5 exf5 26. Rxf5 a4 27. Bc2 Ne4 28. Nxe4
dxe4 29. Rff1 bxc3 30. bxc3 e3 31. Rfe1 Rd2 32. Rxd2 exd2 33. Rd1 Rd8 34. e6 Qe7
35. exf7+ Qxf7 36. a3 Qe7 37. h3 Qf7 38. Qh4 Qd5 39. Be4 1-0

[Event "World Rapid Women 2022"]
[Site "Almaty KAZ"]
[Date "2022.12.26"]
[Round "1.49"]
[White "Assylkhan, Asiya"]
[Black "Muminova, Nafisa"]
[Result "0-1"]
[BlackTitle "WGM"]
[WhiteElo "1430"]
[BlackElo "2274"]
[WhiteFideId "13752707"]
[BlackFideId "14201526"]
[EventDate "2022.12.26"]

1. d4 Nf6 2. c4 e6 3. g3 c5 4. e3 d5 5. Bg2 cxd4 6. Qxd4 Nc6 7. Qd1 dxc4 8.
Qxd8+ Nxd8 9. Nd2 Bb4 10. Ne2 Bd7 11. O-O Rc8 12. Nc3 Bc6 13. Bxc6+ Rxc6 14.
Nde4 Nxe4 15. Nxe4 f5 16. Bd2 Bxd2 17. Nxd2 Nf7 18. Rac1 Nd6 19. Nf3 Rc5 20. Rc2
Ke7 21. Rfc1 Rhc8 22. Nd2 b5 23. Kf1 e5 24. Ke2 Ke6 25. a3 a6 26. Nb1 Nb7 27.
Rd2 R5c6 28. a4 Nc5 29. axb5 axb5 30. Rcd1 Nd3 31. Nc3 b4 32. Na2 e4 33. Nc1 Rd6
34. Na2 Ra6 35. Nc1 c3 36. Nxd3 cxd2 37. Nf4+ Ke5 38. Rxd2 Rd6 39. Rxd6 Kxd6 40.
Kd2 b3 41. Ne2 Rc2+ 0-1

[Event "World Rapid Women 2022"]
[Site "Almaty KAZ"]
[Date "2022.12.26"]
[Round "2.1"]
[White "Tan, Zhongyi"]
[Black "Savitha, Shri B"]
[Result "1-0"]
[WhiteTitle "GM"]
[BlackTitle "WIM"]
[WhiteElo "2518"]
[BlackElo "2411"]
[WhiteFideId "8603642"]
[BlackFideId "35061887"]
[EventDate "2022.12.26"]

1. d4 d5 2. c4 dxc4 3. Nf3 Nf6 4. e3 a6 5. Bxc4 e6 6. O-O c5 7. dxc5 Bxc5 8.
Qxd8+ Kxd8 9. Nbd2 Ke7 10. Be2 b6 11. Nc4 Nbd7 12. Nfd2 a5 13. Nb3 Ba6 14. Nxc5
Nxc5 15. b3 Rad8 16. Ba3 Ne4 17. Rfc1 Bxc4 18. Rxc4 Kf6 19. f3 Nd6 20. Rc2 Ndb7
21. b4 axb4 22. Bxb4 Ra8 23. Rb1 Rhc8 24. Bc3+ Kg6 25. Bd4 Rc6 26. Bd3+ f5 27.
Bb5 Rcc8 28. Be2 Na4 29. Rxc8 Rxc8 30. Ba6 Rc7 31. Be5 Re7 32. Rb4 Nac5 33. Rxb6
Nxa6 34. Rxa6 Nc5 35. Bd6 Nxa6 36. Bxe7 e5 37. e4 Kf7 38. Bd6 Ke6 39. Bf8 g6 40.
Kf2 fxe4 41. fxe4 Nb8 42. a4 Kf6 43. Ke3 h5 44. a5 Na6 45. Kd3 Kg5 46. Bd6 Kf4
47. g3+ Kf3 48. Bxe5 Kg2 49. Bd6 1-0

[Event "World Rapid Women 2022"]
[Site "Almaty KAZ"]
[Date "2022.12.26"]
[Round "2.2"]
[White "Mkrtchian, Lilit"]
[Black "Goryachkina, Aleksandra"]
[Result "1/2-1/2"]
[WhiteTitle "IM"]
[BlackTitle "GM"]
[WhiteElo "2377"]
[BlackElo "2584"]
[WhiteFideId "13300601"]
[BlackFideId "4147103"]
[EventDate "2022.12.26"]

1. Nf3 d5 2. g3 g6 3. d4 Nf6 4. c4 c6 5. Qa4 Nbd7 6. cxd5 Nb6 7. Qd1 cxd5 8. Bg2
Bg7 9. O-O O-O 10. b3 Bf5 11. Nc3 Ne4 12. Bb2 Nxc3 13. Bxc3 Be4 14. Qd2 e6 15.
Rfc1 Qf6 16. Ne5 Bxg2 17. Kxg2 Rfc8 18. a4 Qd8 19. Qf4 Qe8 20. Bb2 Nd7 21. Nd3
Qd8 22. Rxc8 Rxc8 23. Rc1 a6 24. Qd2 Nb8 25. Qb4 Rxc1 26. Bxc1 Qc8 27. Bb2 Nc6
28. Qb6 Bf6 29. e3 Bd8 30. Qc5 Be7 31. Qc1 Na7 32. Qxc8+ Nxc8 33. Bc3 Kf8 34.
Kf3 Ke8 35. Ke2 Nd6 36. Bb4 Ne4 37. Bxe7 Kxe7 38. f3 Nd6 39. Nc5 a5 40. g4 g5
41. Nd3 f6 42. Kd2 b6 43. Ke2 Kd7 44. Kd2 Nf7 45. Ke2 Kd6 46. Nb2 e5 47. Nd1
exd4 48. exd4 Nd8 49. Ne3 Ne6 50. Nf5+ Kd7 51. Ke3 Nf4 52. Kd2 h5 53. Ke3 hxg4
54. fxg4 Ng6 55. Kf3 Ne7 56. Nxe7 Kxe7 57. Ke3 Ke6 58. Kf3 1/2-1/2

[Event "World Rapid Women 2022"]
[Site "Almaty KAZ"]
[Date "2022.12.26"]
[Round "2.3"]
[White "Dzagnidze, Nana"]
[Black "Nomin-Erdene, Davaademberel"]
[Result "1-0"]
[WhiteTitle "GM"]
[BlackTitle "IM"]
[WhiteElo "2517"]
[BlackElo "2384"]
[WhiteFideId "13601903"]
[BlackFideId "4900782"]
[EventDate "2022.12.26"]

1. c4 f5 2. d4 Nf6 3. g3 g6 4. Bg2 Bg7 5. Nc3 O-O 6. Nh3 Nc6 7. O-O d6 8. Nf4 e5
9. dxe5 Nxe5 10. b3 c6 11. Ba3 Nf7 12. Qc2 Qa5 13. Bb2 Bd7 14. Rad1 Ng4 15. Rd2
Rac8 16. Rfd1 b5 17. c5 d5 18. Ncxd5 cxd5 19. Bxg7 Kxg7 20. Rxd5 Rcd8 21. Qb2+
Kg8 1-0

[Event "World Rapid Women 2022"]
[Site "Almaty KAZ"]
[Date "2022.12.26"]
[Round "2.4"]
[White "Zatonskih, Anna"]
[Black "Harika, Dronavalli"]
[Result "1/2-1/2"]
[WhiteTitle "IM"]
[BlackTitle "GM"]
[WhiteElo "2349"]
[BlackElo "2507"]
[WhiteFideId "14101572"]
[BlackFideId "5015197"]
[EventDate "2022.12.26"]

1. d4 g6 2. e4 Bg7 3. Nc3 d6 4. Be3 a6 5. Qd2 b5 6. f3 Nd7 7. O-O-O Nb6 8. Bd3
h5 9. Kb1 c6 10. f4 Nf6 11. Nf3 Bg4 12. Qf2 Rb8 13. h3 Bxf3 14. Qxf3 Qc8 15. e5
Nfd5 16. Nxd5 Nxd5 17. exd6 Qe6 18. Bd2 Qxd6 19. f5 gxf5 20. Bxf5 b4 21. Be4 Rb7
22. Rhf1 e6 23. Bc1 a5 24. Bf4 Qe7 25. Be5 Bxe5 26. dxe5 h4 27. Rd4 Rg8 28. Bxd5
cxd5 29. Rf4 a4 30. Qf2 a3 31. b3 Qc7 32. Rxh4 Qc3 33. Qd4 Qxd4 34. Rxd4 Rxg2
35. Rg4 Rxg4 36. hxg4 Kf8 37. Kc1 Kg7 38. Rf6 Rb8 39. Kd2 Rh8 40. Rf4 Rh2+ 41.
Kd3 Rh3+ 42. Kd2 Rh2+ 43. Kd3 Rh3+ 44. Kd2 Rh2+ 1/2-1/2

[Event "World Rapid Women 2022"]
[Site "Almaty KAZ"]
[Date "2022.12.26"]
[Round "2.5"]
[White "Koneru, Humpy"]
[Black "Mkrtchyan, Mariam"]
[Result "1-0"]
[WhiteTitle "GM"]
[BlackTitle "WIM"]
[WhiteElo "2572"]
[BlackElo "2364"]
[WhiteFideId "5008123"]
[BlackFideId "13310828"]
[EventDate "2022.12.26"]

1. d4 d5 2. c4 c6 3. Nf3 Nf6 4. Nc3 dxc4 5. a4 Bf5 6. Ne5 Nbd7 7. Nxc4 Qc7 8. g3
e5 9. dxe5 Nxe5 10. Bf4 Nfd7 11. Bg2 g5 12. Bxe5 Nxe5 13. Qd4 f6 14. Ne3 Be6 15.
h4 g4 16. a5 a6 17. Ne4 Qe7 18. O-O Rd8 19. Qc3 Bg7 20. Nc5 O-O 21. Nxe6 Qxe6
22. Qb4 Rd7 23. Rfd1 f5 24. Rxd7 Qxd7 25. Rd1 Qf7 26. Nd5 Kh8 27. Nf4 Ng6 28.
Rd2 Nxf4 29. Qxf4 Qe6 30. e3 Be5 31. Qb4 Rf7 32. Bf1 Qe7 33. Qb6 Qc7 34. Qc5 Kg7
35. Kg2 Qe7 36. Qb6 Qc7 37. Qc5 Qe7 38. Qc4 Bc7 39. b4 Qe5 40. Rd4 Re7 41. Qc2
Qf6 42. Bc4 f4 43. gxf4 Qxh4 44. Qf5 Qh3+ 45. Kg1 Qh4 46. Rd7 g3 47. Rxe7+ Qxe7
48. Qg4+ Kh6 49. Qh3+ Kg7 50. Qxg3+ Kh6 51. Kf1 Bd6 52. Qh3+ Kg7 53. Qg4+ Kh6
54. Bd3 Bxb4 55. Qh3+ Kg7 56. Qxh7+ Kf6 57. Qg6# 1-0

[Event "World Rapid Women 2022"]
[Site "Almaty KAZ"]
[Date "2022.12.26"]
[Round "2.6"]
[White "Charochkina, Daria"]
[Black "Khademalsharieh, Sarasadat"]
[Result "1/2-1/2"]
[WhiteTitle "IM"]
[BlackTitle "IM"]
[WhiteElo "2344"]
[BlackElo "2490"]
[WhiteFideId "4180917"]
[BlackFideId "12512214"]
[EventDate "2022.12.26"]

1. d4 d5 2. c4 e6 3. Nc3 Nf6 4. cxd5 exd5 5. Bg5 c6 6. e3 Be7 7. Bd3 O-O 8. Qc2
h6 9. Bh4 Ne8 10. Bxe7 Qxe7 11. Nf3 Nd6 12. Ne5 Nd7 13. f4 Nf6 14. O-O Nfe4 15.
Nxe4 dxe4 16. Be2 Kh7 17. Rad1 Be6 18. b3 Bd5 19. Rf2 Nf5 20. Qc3 f6 21. Nc4 b5
22. Na5 b4 23. Qc1 Qc7 24. Nc4 c5 25. Bg4 Ne7 26. dxc5 Qxc5 27. Rc2 f5 28. Ne5
Qa5 29. Rc7 Rfe8 30. Bh5 Rec8 31. Bg6+ Kh8 32. Rxe7 Rxc1 33. Rxc1 Qxa2 34. Rcc7
Qd2 35. h3 Qxe3+ 36. Kh1 Qxf4 37. Bh5 Qf1+ 38. Kh2 Qa1 39. Ng6+ Kg8 40. Ne5 Kh8
41. Ng6+ Kh7 42. Ne5 Rg8 43. Bg6+ Kh8 44. Bxf5 Rd8 45. Rcd7 Rxd7 46. Re8+ Bg8
47. Ng6+ Kh7 48. Nf8+ Kh8 49. Ng6+ Kh7 50. Nf8+ Kh8 1/2-1/2

[Event "World Rapid Women 2022"]
[Site "Almaty KAZ"]
[Date "2022.12.26"]
[Round "2.7"]
[White "Beydullayeva, Govhar"]
[Black "Stefanova, Antoaneta"]
[Result "1/2-1/2"]
[WhiteTitle "WGM"]
[BlackTitle "GM"]
[WhiteElo "2387"]
[BlackElo "2442"]
[WhiteFideId "13413015"]
[BlackFideId "2902257"]
[EventDate "2022.12.26"]

1. d4 d5 2. c4 c6 3. Nf3 e6 4. e3 Bd6 5. b3 f5 6. Be2 Nf6 7. O-O Qe7 8. a4 a5 9.
Ba3 Bxa3 10. Nxa3 Ne4 11. Nc2 Nc3 12. Qd2 Nxe2+ 13. Qxe2 O-O 14. Nce1 b6 15. Nd3
Ba6 16. Nfe5 Rc8 17. Rfc1 Nd7 18. Nxd7 Qxd7 19. Ne5 Qd6 20. Qh5 g6 21. Qg5 dxc4
22. Nxc4 Bxc4 23. Rxc4 Rc7 24. Rac1 Rac8 25. h4 Kg7 26. h5 c5 27. Re1 Qe7 28.
Qg3 cxd4 29. Qe5+ Kf7 30. exd4 Rxc4 31. bxc4 Rxc4 32. d5 gxh5 33. dxe6+ Kg6 34.
Qb8 Rxa4 35. Qxb6 Re4 36. Qxa5 Rxe1+ 37. Qxe1 Kf6 38. Qe3 1/2-1/2

[Event "World Rapid Women 2022"]
[Site "Almaty KAZ"]
[Date "2022.12.26"]
[Round "2.8"]
[White "Muminova, Nafisa"]
[Black "Gunina, Valentina"]
[Result "0-1"]
[WhiteTitle "WGM"]
[BlackTitle "GM"]
[WhiteElo "2274"]
[BlackElo "2476"]
[WhiteFideId "14201526"]
[BlackFideId "4167570"]
[EventDate "2022.12.26"]

1. e4 c6 2. Nc3 d5 3. Nf3 dxe4 4. Nxe4 Nf6 5. Ng3 h5 6. h4 c5 7. Bc4 Nc6 8. Ng5
e6 9. d3 a6 10. a4 Ne5 11. Bb3 Bd6 12. Qe2 Nfg4 13. N3e4 Be7 14. f3 Nh6 15. Be3
Nf5 16. O-O-O Qb6 17. Bf2 Nc6 18. Nd2 Ncd4 19. Qe1 Bd7 20. g4 Nxb3+ 21. Nxb3 Nd4
22. Nxd4 cxd4 23. a5 Qd6 24. Ne4 Qd5 25. Qg1 e5 26. gxh5 Kf8 27. Qg3 Rxh5 28.
Rdg1 g6 29. f4 Rc8 30. fxe5 Ba4 31. c4 dxc3 32. Nxc3 Qb3 33. Kd2 Qxb2+ 0-1

[Event "World Rapid Women 2022"]
[Site "Almaty KAZ"]
[Date "2022.12.26"]
[Round "2.9"]
[White "Batsiashvili, Nino"]
[Black "Buksa, Nataliya"]
[Result "1-0"]
[WhiteTitle "GM"]
[BlackTitle "IM"]
[WhiteElo "2493"]
[BlackElo "2405"]
[WhiteFideId "13602993"]
[BlackFideId "14123622"]
[EventDate "2022.12.26"]

1. d4 d5 2. c4 e6 3. Nc3 Nf6 4. Nf3 Nbd7 5. cxd5 exd5 6. Bf4 c6 7. e3 Nb6 8. Qc2
Bd6 9. Bd3 Bxf4 10. exf4 Qe7+ 11. Kf1 O-O 12. h3 Nc4 13. Re1 Qb4 14. b3 Na3 15.
Qd2 Bd7 16. Ne4 Qxd2 17. Nxf6+ gxf6 18. Nxd2 Rfe8 19. Rc1 a5 20. g4 b6 21. g5
fxg5 22. fxg5 Rac8 23. Kg2 c5 24. dxc5 bxc5 25. Kg3 Bb5 26. Bf5 Rc7 27. Rhe1
Rxe1 28. Rxe1 c4 29. bxc4 Bxc4 30. Re8+ Kg7 31. Ra8 Rc5 32. h4 d4 33. Kf4 Bd5
34. Ra7 Nc2 35. h5 h6 36. g6 Kf6 37. Ne4+ Bxe4 38. Rxf7# 1-0

[Event "World Rapid Women 2022"]
[Site "Almaty KAZ"]
[Date "2022.12.26"]
[Round "2.10"]
[White "Badelka, Olga"]
[Black "Paehtz, Elisabeth"]
[Result "1/2-1/2"]
[WhiteTitle "IM"]
[BlackTitle "GM"]
[WhiteElo "2416"]
[BlackElo "2464"]
[WhiteFideId "13509926"]
[BlackFideId "4641833"]
[EventDate "2022.12.26"]

1. e4 c5 2. Nf3 d6 3. Nc3 a6 4. g3 e5 5. Bg2 Ne7 6. O-O g6 7. d3 Bg7 8. Nh4 O-O
9. f4 exf4 10. Bxf4 Nbc6 11. Qd2 Be6 12. Bg5 Qd7 13. Nd5 Bxd5 14. exd5 Ne5 15.
Rae1 Rae8 16. c3 Nc8 17. b3 Qb5 18. c4 Qd7 19. h3 Nb6 20. Re2 Qc7 21. Kh2 Nbd7
22. Be4 b5 23. Ng2 bxc4 24. dxc4 a5 25. Bc2 a4 26. Re4 axb3 27. axb3 Ra8 28. Rh4
Ra1 29. Qe2 Rxf1 30. Qxf1 Qa5 31. Be7 Re8 32. Bxd6 Qc3 33. Bd1 Nd3 34. Be2 Nc1
35. Bg4 f5 36. Bxf5 gxf5 37. Qxf5 Nf6 38. Bxc5 Nxb3 39. Bb6 Nd2 40. Rf4 Nde4 41.
c5 Qxg3+ 42. Kh1 Ra8 43. c6 Ra1+ 44. Bg1 Ra2 45. Qe6+ Kh8 46. Qc8+ Ng8 47. Qg4
Rxg2 48. Qxg3 Rxg3 49. Rxe4 Rxh3+ 50. Kg2 Rc3 51. Re8 Bf6 52. Bh2 Rc2+ 53. Kh3
Rc3+ 54. Kg2 Rc2+ 55. Kh3 Rc3+ 56. Kg2 1/2-1/2

[Event "World Rapid Women 2022"]
[Site "Almaty KAZ"]
[Date "2022.12.26"]
[Round "2.11"]
[White "Javakhishvili, Lela"]
[Black "Kamalidenova, Meruert"]
[Result "0-1"]
[WhiteTitle "IM"]
[BlackTitle "WIM"]
[WhiteElo "2440"]
[BlackElo "2377"]
[WhiteFideId "13601458"]
[BlackFideId "13712802"]
[EventDate "2022.12.26"]

1. d4 Nf6 2. c4 g6 3. g3 Bg7 4. Bg2 O-O 5. Nc3 d6 6. Nf3 c5 7. O-O Nc6 8. d5 Na5
9. Nd2 a6 10. Qc2 b5 11. b3 Rb8 12. Bb2 e6 13. Nd1 Re8 14. e4 bxc4 15. bxc4 exd5
16. cxd5 Bd7 17. a4 Qc7 18. Bc3 c4 19. Ne3 Nb3 20. Ra3 Nxd2 21. Bxd2 Qa7 22.
Qxc4 Rec8 23. Qd3 Be8 24. Nc4 Qc5 25. Rc1 Ng4 26. Qe2 h5 27. h3 Nf6 28. Rac3 Qb4
29. R3c2 Qxa4 30. Bf4 Bb5 31. Bxd6 Rb7 32. Be5 Kh7 33. Bf1 Re7 34. Bxf6 Bxf6 35.
Qf3 Bg7 36. d6 Re6 37. e5 Qb4 38. Bd3 Bxc4 39. Rxc4 Rxc4 40. Rxc4 Qe1+ 41. Kg2
Qxe5 42. d7 Rd6 43. Re4 Qg5 44. Qxf7 Rxd3 45. Re8 Qf6 46. d8=Q Qxf7 47. Qxd3
Qxe8 48. Qxa6 Qe4+ 49. Kg1 Bd4 50. Qa2 Qf3 51. Kf1 Qh1+ 52. Ke2 Qxh3 53. Qf7+
Bg7 54. Qb7 Qe6+ 55. Kf1 Kh6 56. Kg2 Qf5 57. Qb6 Qe4+ 58. Kg1 Bd4 59. Qb4 Bxf2+ 0-1

[Event "World Rapid Women 2022"]
[Site "Almaty KAZ"]
[Date "2022.12.26"]
[Round "2.12"]
[White "Munkhzul, Turmunkh"]
[Black "Mammadova, Gulnar"]
[Result "0-1"]
[WhiteTitle "WIM"]
[BlackTitle "IM"]
[WhiteElo "2318"]
[BlackElo "2376"]
[WhiteFideId "4901878"]
[BlackFideId "13403508"]
[EventDate "2022.12.26"]

1. e4 e6 2. d4 d5 3. exd5 exd5 4. Bd3 Nf6 5. Ne2 c5 6. c3 Nc6 7. O-O c4 8. Bc2
Bd6 9. Bf4 O-O 10. Bxd6 Qxd6 11. Ng3 b5 12. a3 Re8 13. Nd2 Qf4 14. Nf3 Bg4 15.
Qd2 Qxd2 16. Nxd2 g6 17. Rfe1 Kg7 18. Kf1 a5 19. h3 Be6 20. Nf3 Reb8 21. Kg1 b4
22. Ba4 Nd8 23. axb4 axb4 24. Ne5 b3 25. Ra3 Ra6 26. Rea1 Rba8 27. Kf1 Nb7 28.
Ke2 Nd6 29. f3 h5 30. h4 Ng8 31. Kd2 Ne7 32. Bc6 Rxa3 33. Rxa3 Rxa3 34. bxa3
Ndf5 35. Nxf5+ Bxf5 36. Kc1 f6 37. Bxd5 Nxd5 38. Nxc4 Nxc3 39. Kb2 Nd5 40. Kxb3
Be6 41. Kb2 Nf4 42. Ne3 Kf7 43. a4 Ke7 44. Kc3 Nd5+ 45. Kd3 Nxe3 46. Kxe3 Kd6
47. Ke4 Bf5+ 48. Kf4 Bd7 49. a5 Bc8 50. g4 Ke6 51. Ke3 Kd5 52. Kf4 Kxd4 53. a6
Bxa6 54. gxh5 gxh5 55. Kf5 Be2 56. Kxf6 Bxf3 57. Kf5 Ke3 58. Ke5 Bg4 59. Kd5 Kf4
60. Kd4 0-1

[Event "World Rapid Women 2022"]
[Site "Almaty KAZ"]
[Date "2022.12.26"]
[Round "2.13"]
[White "Nasybullina, Alfia"]
[Black "Danielian, Elina"]
[Result "0-1"]
[WhiteTitle "WIM"]
[BlackTitle "GM"]
[WhiteElo "2027"]
[BlackElo "2431"]
[WhiteFideId "4132416"]
[BlackFideId "13300210"]
[EventDate "2022.12.26"]

1. Nf3 d5 2. g3 Bg4 3. Ne5 Bf5 4. d4 e6 5. Bg2 Nd7 6. Nxd7 Qxd7 7. c4 c6 8. Nd2
Nf6 9. O-O Be7 10. b3 O-O 11. Bb2 a5 12. c5 h6 13. Nf3 Qc7 14. Ne5 b6 15. Rc1
Rfb8 16. e3 a4 17. bxa4 bxc5 18. Ba3 Ra5 19. Qd2 Rba8 20. f4 Rxa4 21. Bxc5 Rxa2
22. Qe1 Bxc5 23. Rxc5 R8a6 24. Qc1 Ng4 25. Nxg4 Bxg4 26. Qb1 Bf5 27. Qc1 Qb7 28.
h3 Rb2 29. g4 Raa2 30. Bf3 Bd3 31. Re1 Rb1 32. Qc3 Rxe1+ 33. Qxe1 Qb2 0-1

[Event "World Rapid Women 2022"]
[Site "Almaty KAZ"]
[Date "2022.12.26"]
[Round "2.14"]
[White "Girya, Olga"]
[Black "Pourkashiyan, Atousa"]
[Result "1-0"]
[WhiteTitle "GM"]
[BlackTitle "WGM"]
[WhiteElo "2398"]
[BlackElo "2321"]
[WhiteFideId "4195752"]
[BlackFideId "12502014"]
[EventDate "2022.12.26"]

1. d4 Nf6 2. Nf3 e6 3. c4 d5 4. Nc3 Be7 5. Bf4 O-O 6. e3 Nbd7 7. a3 a6 8. cxd5
exd5 9. Bd3 Re8 10. O-O c6 11. Qc2 Nf8 12. h3 Ne6 13. Bh2 g6 14. b4 Ng7 15. Na4
Bf5 16. Nc5 Qc8 17. Ne5 Bxd3 18. Qxd3 Nf5 19. Rac1 Bf8 20. Qb3 Nd6 21. a4 b5 22.
a5 Nc4 23. Ncd3 Ne4 24. Rfd1 f6 25. Nf3 Qf5 26. Nc5 Kh8 27. Qc2 g5 28. Ne1 Qg6
29. Ned3 Bd6 30. Bxd6 Nexd6 31. Re1 g4 32. Nf4 Qg8 33. hxg4 Qxg4 34. Qe2 Qg5 35.
Qh5 Rg8 36. Qxg5 fxg5 37. Nfd3 Ne4 38. Nxe4 dxe4 39. Ne5 Nxe5 40. dxe5 Rg6 41.
Red1 Re8 42. Rd6 Rc8 43. Rc5 Kg8 44. Kh2 Kf8 45. Rxg6 hxg6 46. Kg3 Ke7 47. Kg4
Rf8 48. Rxc6 Rxf2 49. Kxg5 Rxg2+ 50. Kf4 Rf2+ 51. Kxe4 Rb2 52. Rxg6 Rxb4+ 53.
Kd5 Rb1 54. Rxa6 b4 55. Ra7+ Kf8 56. Ke6 b3 57. Rf7+ Kg8 58. Rb7 b2 59. Ke7 Kg7
60. e6 Kg6 61. a6 Ra1 62. Rxb2 Rxa6 63. Rg2+ Kh6 64. Kf6 Kh7 65. Kf7 Kh6 66. e7
Ra7 67. Kf8 Rc7 68. Rh2+ Kg5 69. e8=Q 1-0